| 000 | 00495nam a22001817a 4500 | ||
|---|---|---|---|
| 003 | NUST-PNEC | ||
| 005 | 20170116180725.0 | ||
| 008 | 141031b xxu||||| |||| 00| 0 eng d | ||
| 040 | _cPNEC | ||
| 082 | _a672.03 OSB | ||
| 100 |
_9899 _aOsborne, A. K. |
||
| 245 |
_aAn encyclopedia of the iron & steel industry _cA. K. Osborne |
||
| 250 | _a2nd ed. | ||
| 260 |
_aLondon _bThe Technical Press Ltd., _c1967 |
||
| 300 |
_a558 p. : _bill. ; _c24 cm. |
||
| 650 |
_xEncyclopedia _xME |
||
| 942 |
_2ddc _cBK |
||
| 999 |
_c61565 _d61565 |
||